El cañón (Record no. 164014)

MARC details
000 -LEADER
campo de control de longitud fija 00760nam a22002175i 4500
001 - NÚMERO DE CONTROL
campo de control 164014
003 - IDENTIFICADOR DE NÚMERO DE CONTROL
campo de control ES-MaACL
005 - FECHA Y HORA DE LA ÚLTIMA TRANSACCIÓN
campo de control 20230906212845.0
008 - DATOS DE LONGITUD FIJA--INFORMACIÓN GENERAL
campo de control de longitud fija 010525q19011940xx |||| | spa d
040 ## - FUENTE DE CATALOGACIÓN
Centro catalogador/agencia de origen CCPB | B
Lengua de catalogación spa
Centro/agencia transcriptor CCPB | B
100 1# - ENTRADA PRINCIPAL--NOMBRE DE PERSONA
Nombre de persona Rouquerol, Gabriel.
9 (RLIN) 132103
245 13 - MENCIÓN DEL TÍTULO
Título El cañón
Resto del título : artícife de la victoria /
Mención de responsabilidad, etc. Gabriel Rouquerol ; prólogo de Gabriel Hanotaux ; traductor Joaquín Ortin.
260 ## - PUBLICACIÓN, DISTRIBUCIÓN, ETC.
Lugar de publicación, distribución, etc. [S.l. :
Nombre del editor, distribuidor, etc. s.n.,
Fecha de publicación, distribución, etc. s.a.]
300 ## - DESCRIPCIÓN FÍSICA
Extensión X, 77 p. ;
Dimensiones 17 cm.
596 #1 - NOTA AL PIE DE IMPRENTA
NOTA AL PIE DE IMPRENTA Posiblemente impreso en los primeros cuarenta años del S. XX.
650 #4 - PUNTO DE ACCESO ADICIONAL DE MATERIA--TÉRMINO DE MATERIA
Término de materia o nombre geográfico como elemento de entrada Cañones.
9 (RLIN) 135743
700 11 - ENTRADA AGREGADA--NOMBRE PERSONAL
Nombre de persona Hanotaux, Gabriel,
Término indicativo de función/relación
9 (RLIN) 61744
700 11 - ENTRADA AGREGADA--NOMBRE PERSONAL
Nombre de persona Ortin, Joaquín,
Término indicativo de función/relación
9 (RLIN) 130715
852 ## - LOCALIZACIÓN
Ubicación ES-MaACL
Número de control de estantería F-12255
Nota libre -- Rúst.
Holdings
Estatus retirado Estado de pérdida Estado de daño No para préstamo Biblioteca de origen Biblioteca actual Ubicación en estantería Fecha de adquisición Fuente de adquisición Total de préstamos Signatura topográfica completa Código de barras Visto por última vez Precio de reemplazo Tipo de ítem Koha
        Biblioteca del Ateneo de Madrid Biblioteca del Ateneo de Madrid Sala Pecera Planta 2 17/01/2008     F-12255 1171897 23/02/2023 23/02/2023 Libro impreso